| 000 | 01220nam a22003497a 4500 | ||
|---|---|---|---|
| 003 | CHAP | ||
| 005 | 20220329141156.0 | ||
| 008 | 971010s1975 r 00010 d | ||
| 010 | _a63862 | ||
| 011 | _a64834 | ||
| 035 | _a70965 | ||
| 040 | _cCHAP | ||
| 090 | _aTesis | ||
| 100 | 0 | 0 |
_aEspinoza Andrade, Jesús Ramón. _938027 |
| 245 | 1 | _aEstudio del efecto de incluir harinolina contaminada por Aspergillus flavus, en la nutrición de pollos y patos en crecimiento | |
| 260 |
_aChapingo, Méx. : _bEl autor, _c1975 |
||
| 300 | _a38 h. apénd. gráfs. | ||
| 502 | _aTesis (Ing. Agr. Esp. en Zootecnia) -- ENA. Departamento de Zootecnia | ||
| 590 |
_aALEPH _b10 _c20130110 _lUCH01 _h1347 |
||
| 590 |
_aBATCH-UPD _b10 _c20130110 _lUCH01 _h1558 |
||
| 590 |
_aBATCH-UPD _b10 _c20130410 _lUCH01 _h0955 |
||
| 590 |
_aBATCH-UPD _b10 _c20130914 _lUCH01 _h0435 |
||
| 590 |
_aBATCH-UPD _b10 _c20130914 _lUCH01 _h2116 |
||
| 590 |
_aCONVERSION _b10 _c20130109 _lUCH01 _h1334 |
||
| 650 | 1 | 4 |
_aAspergillus flavus. _98119 |
| 650 | 1 | 4 |
_aAves de corral _xNutrición. _98672 |
| 650 | 1 | 4 |
_aHarinolina. _952734 |
| 901 | _aBK | ||
| 942 | _cFOLL | ||
| 949 |
_bBC _cTES _d-142182 _eTS1 _i70965 _si |
||
| 949 |
_bBC _cTES _d-142183 _eTS2 _fc.2 _i70965 _si |
||
| 999 |
_c63862 _d63862 |
||